Polyfunkčný areál, Bratislava - Ružinov

Saved in:
Bibliographic Details
Main Author: Luterančík, Marek (Author)
Other Authors: Szalayová, Sylvia (Thesis advisor)
Format: Manuscript Book
Language:Slovak
Published: 2019
Subjects:
Online Access:http://is.stuba.sk/zp/portal_zp.pl?podrobnosti=145211
https://opac.crzp.sk/?fn=detailBiblioForm&sid=9F8942B94996237AA2F51CF666DC
Tags: Add Tag
No Tags, Be the first to tag this record!

MARC

LEADER 00000ntm a22000003a 4500
001 stuzp73920
003 SK-STU
005 20230606163010.7
007 ta
008 150427s2015----xo-----f-mn---000-0-slo-d
040 |a STU  |b slo 
041 0 |a slo 
100 1 |a Luterančík, Marek  |u 010270  |k Z4  |4 aut  |U SvF Stavebná fakulta  |T SvF Katedra technológie stavieb  |X 62936  |U V270  |Y 28  |7 62936 
242 0 1 |a Technological project  |y eng 
245 1 0 |a Polyfunkčný areál, Bratislava - Ružinov 
260 |c 2019 
650 4 |a projekt zariadenia staveniska  |2 slo 
650 4 |a harmonogram  |2 slo 
650 4 |a technologický predpis  |2 slo 
650 4 |a bytový dom  |2 slo 
650 4 |a polyfunkčný areál  |2 slo 
650 4 |a elektroinštalačné rozvody  |2 slo 
650 4 |a apartment building  |2 eng 
650 4 |a multifunction area  |2 eng 
650 4 |a project of construction site equipment  |2 eng 
650 4 |a time schedule  |2 eng 
650 4 |a technological prescription  |2 eng 
650 4 |a wiring installation  |2 eng 
700 1 |a Szalayová, Sylvia  |u 010270  |k Z1  |4 ths  |U SvF Stavebná fakulta  |T SvF Katedra technológie stavieb  |X 961  |U V270  |Y 28  |7 A000000961 
856 4 |u http://is.stuba.sk/zp/portal_zp.pl?podrobnosti=145211 
856 4 |u https://opac.crzp.sk/?fn=detailBiblioForm&sid=9F8942B94996237AA2F51CF666DC